000 00263nam a22001097a 4500
041 _aENG
245 _aAgricultural Tractors - Braking Performance - Method - Of Test
260 _aNew Delhi
_bBIS
_c1994
300 _a04
650 _aBIS Code
856 _uBIS Code
999 _c2065
_d2065